01638nam a2200433 i 450000100060000000300080000600500170001400600190003100700150005000800410006502000180010602000270012403500230015103500240017403500220019804000310022005000240025108000140027508200170028910000290030624500550033526400840039030000410047433600310051533700330054633800430057949000400062258801250066259001640078765000230095165000310097465000120100565000210101765500270103879700190106583000410108485600620112599900170118791881FlNmELB20241217172052.0m o d | cr cnu||||||||180809s2018 sp o 000 0 spa d z9788400103125 a9788400103132 (e-book) a(MiAaPQ)EBC5426085 a(Au-PeEL)EBL5426085 a(OCoLC)1105466216 aFINmELBbspaerdacFINmELB 4aSB123.57bB453 2018 a631.528.10 a631.52332231 aBeltrán, José Pío.10aCultivos transgénicos /cJosé Pío Beltrán. 1aMadrid :bConsejo Superior de Investigaciones Científicas :bCatarata,c2018. a1 recurso en línea (126 páginas) atextobtxt2rdacontent/spa acomputadorabc2rdamedia/spa arecurso en líneabcr2rdacarrier/spa1 aColección Qué sabemos de? ;v89 aDescripción basada en recurso en línea; Título de la página del título en PDF (e-libro, visto August 9, 2010). aRecurso electrónico. Santa Fe, Arg.: e-libro, 2018. Disponible vía World Wide Web. El acceso puede estar limitado para las bibliotecas afiliadas a e-libro. 0aTransgenic plants. 0aPlant genetic engineering. 4aPlanta. 4aBiotecnología. 4aLibros electrónicos.2 ae-libro, Corp. 0aColección Qué sabemos de? ;v89.40uhttps://elibro.net/ereader/politecnicointernacional/41915 c91881d91881